| 000 | 01174cam a22003494a 4500 | ||
|---|---|---|---|
| 001 | 17131868 | ||
| 003 | Nust- CAS-E | ||
| 005 | 20180118181403.0 | ||
| 008 | 120124s2012 flua b 001 0 eng | ||
| 010 | _a 2011050831 | ||
| 015 |
_aGBB1B8808 _2bnb |
||
| 016 | 7 |
_a015947359 _2Uk |
|
| 020 | _a9781439849903 | ||
| 020 | _a1439849900 | ||
| 035 | _a(OCoLC)ocn757148340 | ||
| 040 |
_aDLC _beng _cDLC _dYDX _dBTCTA _dYDXCP _dUKMGB _dBWX _dDLC |
||
| 042 | _apcc | ||
| 050 | 0 | 0 |
_aTJ263 _b.K25 2012 |
| 082 | 0 | 0 |
_a621.4025 _223 _bKAK 2012 |
| 100 | 1 |
_aKakaç, S. _q(Sadık) |
|
| 245 | 1 | 0 |
_aHeat exchangers : _bselection, rating, and thermal design / _cSadık Kakaç, Hongtan Liu, Anchasa Pramuanjaroenkij. |
| 250 | _a3rd ed. | ||
| 260 |
_aBoca Raton, FL : _bCRC Press, _cc2012. |
||
| 300 |
_axvi, 615 p. : _bill. ; _c25 cm. |
||
| 504 | _aIncludes bibliographical references and index. | ||
| 650 | 0 | _aHeat exchangers. | |
| 700 | 1 |
_aPramuanjaroenkij, A. _q(Anchasa) |
|
| 770 | 1 | _aLiu, Hongtan. | |
| 906 |
_a7 _bcbc _corignew _d1 _eecip _f20 _gy-gencatlg |
||
| 942 |
_2ddc _cBK |
||
| 999 |
_c355485 _d355485 |
||